000 01033nam a22002537a 4500
003 DO-SdBNP
005 20231101095609.0
008 171128b1996 sp 00| 0 spa d
020 _a8473561309
040 _aBPMSU
_bspa
_cBPMSU
082 4 _a510.7
_bM294p 1996
_222
245 0 0 _aManual para la matemática universitaria :
_banálisis matemático /
_cRafael Paniagua ... [et al.].
_f
260 _aMadrid :
_bEdiciones Esic,
_c1996
300 _a v. ;
_c24 cm
490 0 _aColección universidad
500 _3La biblioteca tiene existencia el v.2
505 0 _av.1 Desde Sucesiones y límite de sucesiones hasta series numéricas. -- v.2 Desde Funciones reales de varias variables reales hasta aplicaciones de las derivadas de funciones de varias variables.
590 _aInventariado, 2023/VM
650 4 _aMatemáticas
_xEnseñanza superior
_vLibros de texto
_d
650 4 _aAnálisis matemático
_vLibros de texto.
700 1 _a Paniagua, Rafael
910 _aVMateo V. Control de calidad. BPMSU
942 _2ddc
_cBK
999 _c13160
_d13160